|
|
|
|
| LEADER |
00000nam0a2200000 4500 |
| 001 |
26319 |
| 005 |
20231030201548.0 |
| 010 |
|
|
|a 5020035904
|
| 035 |
|
|
|a (RuTPU)RU\TPU\book\26561
|
| 035 |
|
|
|a BOOK00026636
|
| 090 |
|
|
|a 26319
|
| 100 |
|
|
|a 20011209d1993 k y0rusy50 ca
|
| 101 |
0 |
|
|a rus
|
| 102 |
|
|
|a RU
|
| 105 |
|
|
|a y z 001zy
|
| 200 |
1 |
|
|a Природа глобальных геологических циклов
|e Системный подход
|f С. Я. Сергин, В. Я. Сергин
|
| 210 |
|
|
|a Москва
|c Наука
|d 1993
|
| 215 |
|
|
|a 123 с.
|
| 320 |
|
|
|a Библиогр.: с. 115-122.
|
| 610 |
1 |
|
|a геология
|
| 610 |
1 |
|
|a геологические циклы
|
| 610 |
1 |
|
|a цикличность
|
| 610 |
1 |
|
|a геоцикличность
|
| 610 |
1 |
|
|a системный подход
|
| 610 |
1 |
|
|a астеносфера
|
| 610 |
1 |
|
|a литосфера
|
| 610 |
1 |
|
|a гидросфера
|
| 610 |
1 |
|
|a атмосфера
|
| 610 |
1 |
|
|a биота
|
| 610 |
1 |
|
|a экзогенные процессы
|
| 610 |
1 |
|
|a эндогенные процессы
|
| 675 |
|
|
|a 55"5"
|v 3
|
| 700 |
|
1 |
|a Cергин
|b С. Я.
|g Сергей Яковлевич
|
| 701 |
|
1 |
|a Сергин
|b В. Я.
|g Владимир Яковлевич
|
| 801 |
|
0 |
|a RU
|b 63413507
|c 20011209
|g PSBO
|
| 801 |
|
2 |
|a RU
|b 63413507
|c 20100120
|g PSBO
|
| 942 |
|
|
|c BK
|